Vista normal Vista MARC

Entrada Personal Name

Número de registros utilizados en: 1

001 - CONTROL NUMBER

  • control field: 7557

003 - CONTROL NUMBER IDENTIFIER

  • control field: OSt

005 - DATE AND TIME OF LATEST TRANSACTION

  • control field: 20200721111013.0

008 - FIXED-LENGTH DATA ELEMENTS

  • fixed length control field: 200721|| aca||aabn | a|a d

040 ## - CATALOGING SOURCE

  • Original cataloging agency: OSt
  • Transcribing agency: OSt

100 ## - HEADING--PERSONAL NAME

  • Personal name: Lewis, Clive Staples

670 ## - SOURCE DATA FOUND

  • Source citation: Work cat.: (OSt)3801: Lewis, Clive Staples, autor, Esa horrible fortaleza /, 2006